Представление документа в формате RUSMARC

ПолеНазваниеЗначение
  Тип записи a
  Библиографический уровень a
001 Контрольный номер RU/CBS_UL/BASE/661517657
005 Дата корректировки 20240209175254.2
100 Данные общей обработки __
a Данные общей обработки 20201217d2020 ||| 0rusy0189 ca
101 Язык документа 0_
a Язык текста rus
102 Страна публикации __
a Страна публикации RU
105 Кодированные данные (монография) __
a Кодированные данные (монография) y###||||000|y
181 Поле кодированных данных: вид содержания _1
a Код вида содержания (ISBD) i#
b Код характеристики содержания (ISBD) #xxe##
d i
g x
h x
i e
182 Поле кодированных данных: тип средства _1
a Код типа средства (ISBD) n
2 Код системы (источник кода, отличный от ISBD) isbdmedia
200 Заглавие и сведения об ответственности 1_
a Заглавие Михаил Пиотровский : сказано и сделано
b Общее обозначение материала Текст
e Сведения, относящиеся к заглавию [9 декабря 2019 года исполнилось 75 лет Михаилу Борисовичу Пиотровскому - директору Государственного Эрмитажа]
w Текст (визуальный) : непосредственный
203 Вид содержания и тип средства __
a Вид содержания Текст
b Характеристика содержания визуальный
c Тип средства непосредственный
333 Примечание о целевом назначении __
a Примечание о целевом назначении 12+
461 Уровень набора _0
1 2000
a Дилетант
463 Уровень физической единицы _0
1 001RU/CBS_UL/BASE/646152464
1 2000
a № 49
v С. 6-7
1 210
d 2020
600 Персоналии _0
a Персоналии (Фамилия) Пиотровский
b Персоналии (Имя, инициалы) М.Б.
606 Тематические рубрики 0_
a Основная рубрика Государственный Эрмитаж (Санкт-Петербург, город)
610 Ключевые слова 0_
a Ключевые слова музеи
610 Ключевые слова 0_
a Ключевые слова директора музеев
610 Ключевые слова 0_
a Ключевые слова Эрмитаж
610 Ключевые слова 0_
a Ключевые слова Государственный Эрмитаж
610 Ключевые слова 0_
a Ключевые слова историки российкие
610 Ключевые слова 0_
a Ключевые слова доктора исторических наук
686 Индексы других классификаций __
a Классификационный индекс 85.101
2 Код системы rubbk
801 Источник записи _0
a Страна RU
b Организация МБУК ЦБС г. Ульяновска
c Дата составления 20201217
g Правила каталогизации RCR
801 Источник записи _1
a Страна RU
b Организация МБУК ЦБС г. Ульяновска
c Дата составления 20201217
g Правила каталогизации RCR
901 Тип документа __
t Тип документа b
w Контрольный № источника RU/CBS_UL/BASE/646152464
910 Корректоры записи __
a Корректор записи Ильина
938 Служебная информация __
a Имя БД period